| 000 | 01199cab a2200337 4500 | ||
|---|---|---|---|
| 001 | WB3006-23 | ||
| 008 | 090401t1994 xxu||||| |||| 00| 0 eng d | ||
| 035 | _a(Sirsi) u67061 | ||
| 041 | _aeng | ||
| 245 | _aRenting flats over shops | ||
| 260 | _c1994 | ||
| 350 | _a0 | ||
| 490 |
_aRICS Press Release _v(PR17.94res) 9 February 1994, |
||
| 490 |
_aDoE News Release _v(74) 8 February 1994, (4) |
||
| 520 | _aThe "Flats over Shops" conference organised by the Property Managers Association, RICS and DoE looked at utilising empty accommodation over shops for residential purposes. (Speeches available and filed with this WB. Speeches will not go out with this WB unless requested. 14 pages.) | ||
| 650 | _aEMPTY PROPERTY | ||
| 650 | _aFLATS OVER SHOPS | ||
| 650 | _aLEWIS C. | ||
| 650 | _aLIVING OVER THE SHOP | ||
| 650 | _aPRESIDENT | ||
| 650 | _aPRICE N. | ||
| 650 | _aPRIVATE RENTED SECTOR | ||
| 650 | _aPROPERTY MANAGERS ASSOCIATION | ||
| 650 | _aRETAIL PROPERTY | ||
| 650 | _aRICS | ||
| 650 | _aSPEECHES | ||
| 650 | _aUPPER FLOORS | ||
| 690 | _aPROPERTY-RESIDENTIAL PROPERTY-RESIDENTIAL LANDLORD AND TENANT-RESIDENTIAL TENANCIES | ||
| 942 | _n0 | ||
| 948 | _c04/03/1997 | ||
| 999 |
_c41942 _d41942 |
||